Danske musikeres mest streamede sang 1 - Statistics

General Stats
  • This quiz has been taken 7 times
  • The average score is 8 of 25
Answer Stats
Kunstner Sang % Correct
Lukas Graham 7 Years
80%
Ukendt Kunstner Neonlys
80%
Marie Key Uden Forsvar
80%
Bro Sydpå
60%
Shaka Loveless Tomgang
60%
Rocazino All My Love
40%
Johnny Deluxe Drenge Som Mig
40%
Albert Dyrlund Emoji
40%
Annika Knuser Hjerter
40%
Blak Nede Mette
40%
LIGA Skylder Dig Ik' Noget
40%
Outlandish Aicha
20%
Phlake Angel Zoo
20%
Puls Dope
20%
PATINA Flammer Rammer
20%
Magtens Korridorer Milan Alle
20%
Lis Sørensen Mine Øjne De Skal Se
20%
Rasmus Nøhr Sommer i Europa
20%
Gilli Vai Amor
20%
Oh Land White Nights
20%
Bo Evers Fred
0%
Sanne Salomonsen Hjem
0%
Private My Secret Lover
0%
Lizzie Ramt I Natten
0%
Det Brune Punktum Vi skal ud i det blå
0%
No matching quizzes found
Score Distribution
Percent of People with Each Score
Percentile by Number Answered
Your Score History
You have not taken this quiz